000 01866nam a2200361 a 4500
001 ebr10233797
003 CaPaEBR
006 m u
007 cr cn|||||||||
008 080604s2008 sz ab sb i000 0 eng d
010 _z 2008395802
020 _z9789241596282 (hbk.)
020 _z9241596287
040 _aCaPaEBR
_cCaPaEBR
035 _a(OCoLC)244948305
050 1 4 _aHV5732
_b.W48 2008eb
245 0 0 _aWHO report on the global tobacco epidemic, 2008
_h[electronic resource] :
_bthe MPOWER package /
_cWorld Health Organization.
246 3 0 _aReport on the global tobacco epidemic, 2008
260 _aGeneva :
_bWorld Health Organization,
_c2008.
300 _a329 p. :
_bcol. ill., maps :.
500 _aTitle from title screen (viewed on Feb 20, 2008).
504 _aIncludes bibliographical references (p. 60-62).
520 _aThis landmark new report presents the first comprehensive worldwide analysis of tobacco use and control efforts. It provides countries with a roadmap to reverse the devastating global tobacco epidemic that could kill up to one billion people by the end of this century. The report outlines the MPOWER package, a set of six key tobacco control measures that reflect and build on the WHO Framework Convention on Tobacco Control.
533 _aElectronic reproduction.
_bPalo Alto, Calif. :
_cebrary,
_d2013.
_nAvailable via World Wide Web.
_nAccess may be limited to ebrary affiliated libraries.
650 0 _aTobacco use
_xPrevention.
650 0 _aSmoking
_xPrevention.
650 0 _aPublic health.
655 7 _aElectronic books.
_2local
710 2 _aWorld Health Organization.
710 2 _aResearch for International Tobacco Control.
710 2 _aebrary, Inc.
856 4 0 _uhttp://site.ebrary.com/lib/rucke/Doc?id=10233797
_zAn electronic book accessible through the World Wide Web; click to view
999 _c38197
_d38197